URBAN governance and environmental challenges in a West African sub-region
Guardat en:
| Autor principal: | |
|---|---|
| Format: | Llibre |
| Idioma: | anglès |
| Publicat: |
Obafemi Awolowo University,
2011
|
| Etiquetes: |
Afegir etiqueta
Sense etiquetes, Sigues el primer a etiquetar aquest registre!
|
MARC
| LEADER | 00000nam a22000007a 4500 | ||
|---|---|---|---|
| 008 | 210121b ||||| |||| 00| 0 eng d | ||
| 020 | |a : 978-136-180-8 | ||
| 100 | |a S. O. Fadare | ||
| 245 | |a URBAN governance and environmental challenges in a West African sub-region |c S. O. Fadare, B. T. Aluko and A. O. Afon. | ||
| 250 | |c S. O. Fadare, B. T. Aluko and A. O. Afon. | ||
| 260 | |b Obafemi Awolowo University, |c 2011 |h Faculty of Environmental Design and Management |i 690281- EDM 690282 690283- EDM 690284 |l HT241 .Ur1 | ||
| 942 | |a lcc |c BK |e Mr ogunleye | ||
| 952 | |0 0 |1 0 |2 lcc |4 0 |6 HT0241 U R1 |7 0 |9 1375 |a HOL |b EDM |d 2021-01-21 |l 0 |o HT241 .Ur1 |p 2021-0180 |r 2021-01-21 00:00:00 |w 2021-01-21 |y BK | ||
| 952 | |0 0 |1 0 |2 lcc |4 0 |6 HT0241 U R1 |7 0 |9 1377 |a HOL |b HOL |d 2021-01-21 |l 0 |o HT241 .Ur1 |p 2021-0181 |r 2021-01-21 00:00:00 |w 2021-01-21 |y BK | ||
| 952 | |0 0 |1 0 |2 lcc |4 0 |6 HT0241 U R1 |7 0 |9 1378 |a HOL |b EDM |d 2021-01-21 |l 0 |o HT241 .Ur1 |p 2021-0182 |r 2021-01-21 00:00:00 |w 2021-01-21 |y BK | ||
| 952 | |0 0 |1 0 |2 lcc |4 0 |6 HT0241 U R1 |7 0 |9 1379 |a HOL |b HOL |d 2021-01-21 |l 0 |o HT241 .Ur1 |p 2021-0183 |r 2021-01-21 00:00:00 |w 2021-01-21 |y BK | ||
| 999 | |c 720 |d 720 | ||